| 000 | 00440nam a2200133 4500 | ||
|---|---|---|---|
| 008 | 240801b |||||||| |||| 00| 0 eng d | ||
| 040 |
_aNational Science Library _cNational Science Library |
||
| 080 |
_a669.017:537.311.33 _bK9 |
||
| 100 | _aGadea, Suzana | ||
| 245 | _aMetalurgia fizica a materialelor semiconductoare | ||
| 260 |
_aBucuresti: _bEditura Academiei Republicii Socialiste Romania, _c1966 |
||
| 300 | _a316p. | ||
| 942 |
_2udc _cBK |
||
| 999 |
_c65505 _d65505 |
||